| 000 | 00869nam0a2200265 4500 | ||
|---|---|---|---|
| 001 | RU\NLR\bibl\1759251 | ||
| 005 | 20250616123506.0 | ||
| 010 |
_a978-5-94057-720-1 _95000 |
||
| 021 |
_aRU _b2011-23357 _91651 |
||
| 035 | _a(NLR Aleph) 001750075 | ||
| 090 |
_a1513257 _c1513257 |
||
| 100 | _a20110415d2011 |||y0rusy50 ca | ||
| 101 | 0 | _arus | |
| 102 | _aRU | ||
| 105 | _ay ||||||||| | ||
| 200 | 1 | _aИнформатика. Диагностические работы в формате ЕГЭ 2011 | |
| 210 |
_aМосква _cМЦНМО _d2011 |
||
| 215 | _d29 | ||
| 225 | 1 | _aБиблиотечка СтатГрад | |
| 700 | 1 |
_aПутимцева _bЮ С _4070 |
|
| 801 | 0 |
_aRU _bNLR _c20110415 _gRCR |
|
| 801 | 1 |
_aRU _bNLR _c20110415 |
|
| 942 | _cBOOK | ||
| 980 | _aNB | ||